01149nas a2200301 4500001001000000003000900010005001700019007000300036008003400039040005400073041000900127072000800136100001600144100002000160100001800180100002000198100001900218245013100237246013400368650001400502650000900516650001000525773008500535909004000620942001800660999001900678952015000697BR8301613BR-BrBNA20231205085510.0ta230509b bl.|||p| |||| 00| 00por d aBR-BrBNAbporcBiblioteca Nacional de Agricultura a(Pt) aF251 aGomes, J.M.1 aBarros, N.F. de1 aNeves, J.C.L.1 aNovais, R.F. de1 aMaciel, L.A.F.1 aMetodos de aplicacao de adubo em diferentes solos para a producao de mudas de Eucalyptus grandis W. Hill ex Maiden [eucalipto]1 a[Methods of fertilizer application in different soils for seedling production of Eucalyptus grandis W. Hill ex Maiden [eucalipt]] aEUCALIPTO aMUDA aADUBO0 tRevista Arvore (Brazil)xISSN 0100-6762g(Jan 1983), v. 6(1) p. 52-63wBR8301613 a202311bLúciac55dLúcia Elande 2AGRISn0cANA c111810d111810 002AGRIS4071a41918b41918cPeriódicos Agrícolash(Jan 1983), v. 6(1) p. 52-63l0r2023-11-29t01yCRePortaria Interministerial nº 164/94